| 000 | 00452nam a2200145Ia 4500 | ||
|---|---|---|---|
| 008 | 231217s9999 xx 000 0 und d | ||
| 041 | _aEnglish | ||
| 082 | _a658.404 CHA;1 R | ||
| 100 | _aChalmers, James | ||
| 245 | 0 | _aHow to managing projects : how to plan,implement and achieve specific objectives | |
| 260 |
_c2002 _bMumbai : Jaico |
||
| 300 | _a133 | ||
| 650 | _amanaging,projects,:,plan,implement,achieve,specific,objectives | ||
| 942 | _cAA | ||
| 999 |
_c169604 _d169604 |
||